000 00609cam a22001571 4500
082 _a665.55
_bARM
_cL-17, P-1
100 1 _aArmstrong, Harry Clifford.
_944837
245 1 0 _aFuels and furnaces for industrial heating;
_ba handbook for furnace managers and firemen,
_cby H. C. Armstrong. With frontispiece, 13 illustrations and 3 tables.
260 _aLondon,
_bGriffith,
_c1938.
300 _axii, 136 p.
_bfront., illus., diagrs.
_c20 cm.
490 0 _aGriffin's industrial textbooks,
526 _a0
_b0
_c0
_d665_550000000000000_ARM
650 0 _aFuel.
_944800
650 0 _aFurnaces.
_941788
942 _2ddc
_cBK
999 _c548502
_d548502